| 000 | 00691nam a2200277Ia 4500 | ||
|---|---|---|---|
| 003 | OSt | ||
| 005 | 20220912151459.0 | ||
| 006 | a|||||r|||| 00| 0 | ||
| 007 | ta | ||
| 008 | 220909b |||||||| |||| 00| 0 eng d | ||
| 024 | _a53430 | ||
| 037 | _cTextual | ||
| 040 |
_aCSL _beng _cCSL |
||
| 041 | _aeng | ||
| 082 | _aKg, M2 | ||
| 100 | _aHelmcke J G | ||
| 245 | 0 | _aBand: Arthropods | |
| 260 |
_aBerlin _bWalter de gruyter _c1982 |
||
| 300 |
_a531p. _ccm. illus. |
||
| 490 | _aHandbuch der zoology | ||
| 650 | _aZoology | ||
| 700 | _a Starck D | ||
| 700 | _a Wermuth H | ||
| 942 |
_hKg, M2 _cTEXL _2CC |
||
| 999 |
_c69520 _d69520 |
||